000 00258nam a22001097a 4500
008 170125b xxu||||| |||| 00| 0 eng d
020 _a043144040006
041 _aeng
080 _a61
245 _aMAYO CLINIC FAMILY HEALTH BOOK
_cWALLER, R.R
942 _2udc
_cBK
999 _c3696
_d3696